Governments, victims and policies in two countries

Saved in:  
Bibliographic Details
Main Author: Rock, Paul Elliott 1943- (Author)
Format: Print Article
Language:English
Published: 1988
In: The British journal of criminology
Year: 1988, Volume: 28, Issue: 1, Pages: 44-66
Check availability: HBZ Gateway
Keywords:

MARC

LEADER 00000caa a2200000 c 4500
001 1636897266
003 DE-627
005 20220608113711.0
007 tu
008 140318s1988 xx ||||| 00| ||eng c
035 |a (DE-627)1636897266 
035 |a (DE-576)402410939 
035 |a (DE-599)BSZ402410939 
040 |a DE-627  |b ger  |c DE-627  |e rakwb 
041 |a eng 
100 1 |a Rock, Paul Elliott  |d 1943-  |0 (DE-588)14311705X  |0 (DE-627)704394162  |0 (DE-576)162754477  |4 aut 
109 |a Rock, Paul Elliott 1943-  |a Rock, Paul 1943-  |a Elliott Rock, Paul 1943- 
245 1 0 |a Governments, victims and policies in two countries  |c Paul Rock 
264 1 |c 1988 
336 |a Text  |b txt  |2 rdacontent 
337 |a ohne Hilfsmittel zu benutzen  |b n  |2 rdamedia 
338 |a Band  |b nc  |2 rdacarrier 
773 0 8 |i In  |t The British journal of criminology  |d Oxford : Univ. Press, 1960  |g 28(1988), 1, Seite 44-66  |w (DE-627)129851361  |w (DE-600)280389-6  |w (DE-576)015150712  |x 0007-0955  |7 nnas 
773 1 8 |g volume:28  |g year:1988  |g number:1  |g pages:44-66 
951 |a AR 
ELC |b 1 
LOK |0 000 xxxxxcx a22 zn 4500 
LOK |0 001 3294715552 
LOK |0 003 DE-627 
LOK |0 004 1636897266 
LOK |0 005 20250519152836 
LOK |0 008 140318||||||||||||||||ger||||||| 
LOK |0 040   |a DE-21-110  |c DE-627  |d DE-21-110 
LOK |0 689   |a s  |a Opferpolitik 
LOK |0 689   |a s  |a Opferhilfe 
LOK |0 689   |a g  |a Kanada 
LOK |0 689   |a g  |a England 
LOK |0 852   |a DE-21-110 
LOK |0 852 1  |m p  |9 00 
LOK |0 935   |a k110 
LOK |0 938   |k p 
LOK |0 939   |a 18-03-14  |b l01 
ORI |a SA-MARC-krimdoka001.raw